<?xml version="1.0" encoding="UTF-8"?>
<record
    xmlns:xsi="http://www.w3.org/2001/XMLSchema-instance"
    xsi:schemaLocation="http://www.loc.gov/MARC21/slim http://www.loc.gov/standards/marcxml/schema/MARC21slim.xsd"
    xmlns="http://www.loc.gov/MARC21/slim">

  <leader>00383pam a2200145 a 4500</leader>
  <datafield tag="020" ind1=" " ind2=" ">
    <subfield code="a">978-0-09959008-8</subfield>
    <subfield code="c"></subfield>
  </datafield>
  <datafield tag="041" ind1=" " ind2=" ">
    <subfield code="a">eng</subfield>
  </datafield>
  <datafield tag="082" ind1=" " ind2=" ">
    <subfield code="a">658</subfield>
    <subfield code="b">HAR</subfield>
  </datafield>
  <datafield tag="100" ind1=" " ind2=" ">
    <subfield code="a">Harari, YUval Noah.</subfield>
  </datafield>
  <datafield tag="245" ind1=" " ind2=" ">
    <subfield code="a">Sapiens (A Brief History of Humankind)</subfield>
    <subfield code="h">Textual Documents</subfield>
  </datafield>
  <datafield tag="260" ind1=" " ind2=" ">
    <subfield code="a">London:</subfield>
    <subfield code="b">Vintage,20 vauxhall bridge road.</subfield>
  </datafield>
  <datafield tag="300" ind1=" " ind2=" ">
    <subfield code="a">498.</subfield>
  </datafield>
  <datafield tag="653" ind1=" " ind2=" ">
    <subfield code="a">General Management</subfield>
  </datafield>
  <datafield tag="930" ind1=" " ind2=" ">
    <subfield code="a">25343</subfield>
  </datafield>
  <datafield tag="999" ind1=" " ind2=" ">
    <subfield code="c">144021</subfield>
    <subfield code="d">144021</subfield>
  </datafield>
  <datafield tag="952" ind1=" " ind2=" ">
    <subfield code="0">0</subfield>
    <subfield code="1">0</subfield>
    <subfield code="4">0</subfield>
    <subfield code="7">0</subfield>
    <subfield code="8">Reference Book</subfield>
    <subfield code="a">IMP</subfield>
    <subfield code="b">IMP</subfield>
    <subfield code="d">2019-08-29</subfield>
    <subfield code="e">Bharati Madhyavarti Sahakari Grahak Bhandar Ltd.</subfield>
    <subfield code="g">499.00</subfield>
    <subfield code="l">1</subfield>
    <subfield code="o">658 HAR</subfield>
    <subfield code="p">IMP-IM-65501</subfield>
    <subfield code="q">2026-12-19</subfield>
    <subfield code="r">2026-06-22 00:00:00</subfield>
    <subfield code="s">2026-06-22</subfield>
    <subfield code="t">1</subfield>
    <subfield code="w">2023-03-01</subfield>
    <subfield code="y">BK</subfield>
  </datafield>
</record>
